00750 2200193 4500001002100000005001500021035002000036245017900056100003700235250002000272300005300292856002900345700008400374260003600458082001000494084001600504020002200520650001400542INLIS00000000114722820260224012357 a0010-02260008481 aPanduan Praktikum Keperawatan Maternitas :b--- /cPenulis : Anik Puji Rahayu , S.Kp., M. Kep, Desain Cover : Herlambang Rahmadhani, Penata Letak : Invalindiant Candrawianata0 aAnik Puji Rahayu , S.Kp., M. Kep aCetakan Pertama aiv, 182 Halaman :bilustrasi ;c13x19 cmeKertas aPerpustakaan Keliling M30 aDesain Cover : Herlambang Rahmadhani, Penata Letak : Invalindiant Candrawianata aYogyakarta :bDEEPUBLISH,c2016 a618.2 a618.2 AN p a978-602-401-445-2 4aKESEHATAN